Metafísica

Gorde:
Xehetasun bibliografikoak
Egile nagusia: Aristóteles, 384 a.C.- 322 a.C (Egilea)
Formatua: Liburua
Hizkuntza:gaztelania
Argitaratua: Ciudad de México Porrua 1976
Edizioa:5a. ed
Gaiak:
Etiketak: Etiketa erantsi
Etiketarik gabe, Izan zaitez lehena erregistro honi etiketa jartzen!

MARC

LEADER 00000nam a2200000 a 4500
001 UCV7844
003 CL-VaPUC
008 891110e19760000MX |||||||||||||||||spa|d
082 0 4 |a 185  |b ARI  |2 21 
100 |a Aristóteles,  |d 384 a.C.- 322 a.C.  |e author  |9 194 
245 1 0 |a Metafísica 
250 |a 5a. ed 
300 |a 260 p 
942 |c BK 
945 |d 19891110 00:00:00 
260 |a Ciudad de México  |b Porrua  |c 1976 
650 0 |a Metafísica  |9 265649 
583 |a last modification  |c 19891110 00:00:00  |k Rodrigo Vera 
999 |c 213455  |d 213453 
952 |0 0  |1 0  |4 0  |6 185_000000000000000_ARI_1976  |7 0  |8 A  |9 195849  |a BIBARQ  |b BIBARQ  |d 2019-11-14  |i 2638460  |l 2  |m 3  |o 185 ARI 1976  |p 2638460  |r 2025-01-20  |s 2024-10-21  |w 2019-11-14  |y BK  |k ARQ 
952 |0 0  |1 0  |4 0  |6 185_000000000000000_ARI_1976  |7 0  |8 A  |9 195850  |a BIBART  |b BIBART  |d 2019-11-14  |i 120436K  |l 1  |o 185 ARI 1976  |p 120436K  |r 2025-03-13  |s 2022-05-06  |w 2019-11-14  |y BK  |k ART